| 000 | 00715 a2200169 4500 | ||
|---|---|---|---|
| 003 | NUST | ||
| 005 | 20221229162439.0 | ||
| 040 | _cNust | ||
| 082 | _a355.84,RIC | ||
| 100 |
_aMA Ric _9106428 |
||
| 245 |
_aCommand and Control: Support Systems in The Gulf War (Vol-12) / _cMA Ric and Aj Sammes |
||
| 250 | _aVol.12 | ||
| 260 |
_aUk _bMA Ric and Aj Sammes |
||
| 300 | _a139p; | ||
| 505 | _aWhere We Came From (Page-1), Where We Should Have Been ? (Page-10), Where We Got to (Page-25), How We Got There : 1-Build-Up (Page-29), How We Got There : ii- Deployment and War (Page-63), How We Got There: iii_ The Communicators Story (Page-93), Assessing the Contribution (Page-127). | ||
| 942 |
_2ddc _cBK _k355.84,RIC |
||
| 999 |
_c194254 _d194254 |
||